000 00526nam a2200193Ia 4500
005 20260429112340.0
008 260429s9999||||xx |||||||||||||| ||und||
020 _a9788126719900
041 _aHindi
082 _a891.433
_bBED
100 _aवेदी
245 0 _aवेदी समाग्रह /
_cवेदी
250 _a3rd ed.
260 _aनई दिल्ली :
_bराजकमल प्रकाशन,
_c2021.
300 _a520 p.; hb
440 _vVol. 2
650 _aNovel
942 _cTB
999 _c53627
_d53627